3 Personnages avec le plus d'apparitions par manga My Hero Academia - Statistiques

Statistiques générales
  • Ce quiz a été pris 651 fois
    168 depuis la dernière actualisation
  • Le résultat moyen est 103 sur 126
Statistiques - réponses
Tomes Personnage Nombre de cases % Correct
1 Izuku Midoriya 490
100%
2 Izuku Midoriya 295
100%
3 Izuku Midoriya 207
100%
4 Izuku Midoriya 273
100%
5 Izuku Midoriya 192
100%
6 Izuku Midoriya 292
100%
7 Izuku Midoriya 235
100%
8 Izuku Midoriya 205
100%
9 Izuku Midoriya 232
100%
10 Izuku Midoriya 149
100%
11 Izuku Midoriya 167
100%
12 Izuku Midoriya 220
100%
13 Izuku Midoriya 172
100%
14 Izuku Midoriya 343
100%
15 Izuku Midoriya 170
100%
17 Izuku Midoriya 159
100%
18 Izuku Midoriya 109
100%
19 Izuku Midoriya 264
100%
20 Izuku Midoriya 177
100%
22 Izuku Midoriya 103
100%
23 Izuku Midoriya 138
100%
25 Izuku Midoriya 80
100%
26 Izuku Midoriya 165
100%
28 Izuku Midoriya 74
100%
29 Izuku Midoriya 107
100%
30 Izuku Midoriya 92
100%
31 Izuku Midoriya 73
100%
32 Izuku Midoriya 283
100%
33 Izuku Midoriya 185
100%
34 Izuku Midoriya 101
100%
35 Izuku Midoriya 105
100%
37 Izuku Midoriya 87
100%
41 Izuku Midoriya 274
100%
42 Izuku Midoriya 245
100%
1 All Might 195
99%
3 All Might 137
99%
11 All Might 230
99%
32 All Might 65
99%
33 All Might 81
99%
40 All Might 147
99%
1 Katsuki Bakugo 110
99%
2 Katsuki Bakugo 167
99%
3 Katsuki Bakugo 100
99%
5 Katsuki Bakugo 154
99%
8 Katsuki Bakugo 84
99%
13 Katsuki Bakugo 103
99%
14 Katsuki Bakugo 127
99%
18 Katsuki Bakugo 86
99%
22 Katsuki Bakugo 68
99%
26 Katsuki Bakugo 131
99%
36 Katsuki Bakugo 82
99%
40 Katsuki Bakugo 120
99%
42 Katsuki Bakugo 74
99%
4 Shoto Todoroki 101
98%
5 Shoto Todoroki 216
98%
7 Shoto Todoroki 109
98%
10 Shoto Todoroki 94
98%
13 Shoto Todoroki 97
98%
18 Shoto Todoroki 96
98%
22 Shoto Todoroki 77
98%
4 Ochaco Uraraka 96
94%
12 Ochaco Uraraka 112
94%
33 Ochaco Uraraka 76
94%
39 Ochaco Uraraka 104
94%
42 Ochaco Uraraka 140
94%
11 All For One 119
89%
36 All For One 87
89%
38 All For One 81
89%
40 All For One 186
89%
23 Tomura Shigaraki 125
87%
24 Tomura Shigaraki 128
87%
25 Tomura Shigaraki 155
87%
28 Tomura Shigaraki 123
87%
29 Tomura Shigaraki 125
87%
30 Tomura Shigaraki 97
87%
34 Tomura Shigaraki 109
87%
36 Tomura Shigaraki 83
87%
37 Tomura Shigaraki 123
87%
41 Tomura Shigaraki 223
87%
20 Endeavor 101
85%
21 Endeavor 92
85%
26 Endeavor 123
85%
28 Endeavor 67
85%
31 Endeavor 111
85%
8 Shota Aizawa 102
83%
2 Tenya Iida 110
82%
7 Tenya Iida 139
82%
24 Himiko Toga 84
74%
35 Himiko Toga 68
74%
39 Himiko Toga 151
74%
30 Dabi 73
73%
35 Dabi 74
73%
10 Eijiro Kirishima 80
72%
15 Eijiro Kirishima 129
72%
16 Eijiro Kirishima 163
72%
21 Hawks 84
71%
25 Hawks 72
71%
27 Hawks 80
71%
31 Hawks 90
71%
12 Denki Kaminari 60
66%
14 Mirio Togata 134
66%
17 Mirio Togata 164
66%
41 Shota Aizawa 65
63%
24 Twice 153
51%
27 Twice 79
51%
38 Twice 62
51%
39 Twice 85
51%
6 Stain 122
50%
38 Fumikage Tokoyami 50
48%
17 Overhaul 190
47%
6 Gran Torino 122
43%
16 Fat Gum 125
41%
19 Kyoka Jiro 74
36%
23 Spinner 67
34%
37 Spinner 67
34%
16 Tamaki Amajiki 112
32%
15 Sir Night Eye 76
31%
27 Mirko 69
27%
9 Muscular 108
25%
19 Gentle 117
24%
20 Gentle 148
24%
9 Kota Izumi 105
23%
21 Hitoshi Shinso 75
20%
32 Lady Nagant 128
19%
34 Star and Stripes 110
19%
29 Gigantomakhia 83
10%
Aucun quiz correspondant
Distribution des résultats
% des personnes avec chaque résultat
Percentile par nombre de réponses
Votre historique - résultats
Vous n’avez pas pris ce quiz depuis la dernière actualisation